000 00501nam a2200181Ia 4500
005 20250508165611.0
008 008 250505s9999 xx 000 0 eng d
037 _aTextual
040 _aFEDL
_beng
_cFEDL
041 _aeng
_2eng
084 _a005.4, ZAL
_qFEDL
100 _aZale Robert S.
_9781328
245 0 _aPower basic : user's guide
260 _aNew York, USA
_bSpectra puhlishing
_c1990
300 _aviii,414 p.
942 _cTEXL
_h005.4, ZAL
999 _c1396118
_d1396118